| 000 | 00753nam a22002057a 4500 | ||
|---|---|---|---|
| 005 | 20100814152720.0 | ||
| 010 | _aENG-100533 | ||
| 020 |
_a9788190801591 _c75.00 |
||
| 035 | _aEN-84066 | ||
| 037 | _bDBAD/PUB | ||
| 082 | _a737.4095432 | ||
| 100 |
_aKanchana Devi, R. _913505 |
||
| 245 |
_aTypes of vijayanagar coins / _cby R. Kanchana Devi |
||
| 260 |
_aChidambaram _bJayapriya Publishers _c2008 |
||
| 270 |
_aNo. 113, Kothangudi Street, _bChidambaram _e608001 |
||
| 300 |
_a127p. _c21cm (pbk) |
||
| 500 | _aIncludes bibliographical references | ||
| 942 |
_2ddc _cEN _h737.4095432 _mKAN |
||
| 999 |
_c41966 _d41966 |
||